Statistics for All 50k+ Cities in Europe with a Map

Click here to take the quiz!

General Stats

  • This quiz has been taken 354 times
  • The average score is 348 of 1644

Answers on the Map

Answers color-coded by a green-red scale on the quiz's map according to % correct below.
Loading ...
 

Answer Stats

CountryPopulationCity% Correct
Spain3,266,126Madrid
82%
Italy2,837,332Rome
82%
Austria1,911,191Vienna
82%
Ireland553,165Dublin
82%
United Kingdom8,992,166London
81%
Germany3,669,491Berlin
81%
France2,187,526Paris
81%
Spain1,636,762Barcelona
80%
Czech Republic1,324,277Prague
80%
Norway693,494Oslo
79%
Belarus2,020,600Minsk
79%
Greece664,046Athens
79%
Turkey15,113,808Istanbul
78%
Germany1,484,226Munich
78%
Sweden1,515,017Stockholm
78%
Denmark632,340Copenhagen
78%
Portugal552,700Lisbon
78%
Latvia627,487Riga
78%
Finland653,835Helsinki
78%
Netherlands1,114,745Amsterdam
78%
Estonia437,619Tallinn
77%
Italy962,589Naples
77%
Croatia688,163Zagreb
77%
Hungary1,752,286Budapest
77%
Bulgaria1,242,568Sofia
76%
Italy1,396,059Milan
76%
Lithuania550,834Vilnius
76%
Romania1,883,425Bucharest
76%
Bosnia and Herzegovina348,363Sarajevo
76%
Italy259,150Venice
76%
Albania418,495Tirana
76%
United Kingdom557,344Manchester
75%
Poland1,790,658Warsaw
75%
Italy870,952Turin
75%
Serbia1,166,763Belgrade
75%
Iceland131,136Reykjavík
75%
United Kingdom623,260Glasgow
75%
Belgium95,887Mons
75%
Germany1,847,253Hamburg
75%
Ukraine2,950,819Kiev
75%
Russia12,432,531Moscow
75%
Russia5,383,890Saint Petersburg
75%
Portugal237,591Porto
74%
Netherlands829,875Rotterdam
74%
United Kingdom1,159,114Birmingham
74%
Russia77,454Bor
74%
Slovakia437,726Bratislava
73%
Sweden600,473Gothenburg
73%
United Kingdom336,610Belfast
73%
Belgium185,103Brussels
73%
Sweden321,845Malmö
73%
Slovenia286,745Ljubljana
73%
Norway283,929Bergen
73%
France516,092Lyon
73%
Netherlands50,990Bergen op Zoom
73%
Spain794,288Valencia
73%
Germany1,087,863Cologne
72%
United Kingdom583,132Liverpool
72%
Switzerland134,542Bern
72%
Germany57,751Frankfurt
72%
Germany763,380Frankfurt am Main
72%
Ireland125,622Cork
72%
Luxembourg116,323Luxembourg
72%
France863,310Marseille
72%
Italy657,960Palermo
72%
Italy372,038Florence
71%
United Kingdom498,050Edinburgh
71%
Switzerland203,909Geneva
71%
Kosovo145,149Pristina
71%
Poland470,907Gdańsk
71%
Poland779,115Kraków
71%
United Kingdom351,884Cardiff
70%
Croatia167,121Split
70%
France254,436Bordeaux
70%
Greece315,196Thessaloniki
70%
Switzerland420,097Zurich
70%
Austria155,021Salzburg
70%
North Macedonia509,900Skopje
70%
Netherlands803,835The Hague
69%
Montenegro150,977Podgorica
69%
Italy574,090Genoa
69%
Moldova532,513Chișinău
68%
Belgium529,247Antwerp
68%
Spain688,592Seville
68%
France340,017Nice
68%
Germany621,877Dusseldorf
67%
France140,064Brest
67%
Italy203,234Trieste
67%
Germany556,780Dresden
67%
Spain346,843Bilbao
67%
Spain574,654Málaga
67%
United Kingdom198,000Aberdeen
67%
Belarus339,700Brest
67%
Ukraine1,013,159Odessa
66%
Germany635,911Stuttgart
66%
Austria291,072Graz
66%
Denmark280,534Aarhus
66%
United Kingdom507,720Leeds
66%
Spain416,065Palma
65%
France479,553Toulouse
65%
Italy322,316Bari
65%
United Kingdom285,491Newcastle upon Tyne
65%
Germany567,559Bremen
65%
Germany518,370Nuremberg
65%
United Kingdom576,813Bristol
65%
United Kingdom269,781Southampton
65%
France232,787Lille
65%
Poland401,907Szczecin
64%
France309,346Nantes
64%
Poland679,941Łódź
64%
United Kingdom163,938Oxford
64%
Spain674,997Zaragoza
64%
Germany582,760Essen
64%
France280,966Strasbourg
63%
Serbia231,798Novi Sad
63%
Switzerland173,183Basel
62%
Italy390,625Bologna
62%
Austria131,961Innsbruck
62%
Germany246,794Kiel
62%
Germany536,925Hanover
62%
Czech Republic381,346Brno
62%
Italy153,231Cagliari
62%
United Kingdom549,362Sheffield
61%
Russia482,443Kaliningrad
61%
Germany593,145Leipzig
61%
Ukraine724,713Lviv
61%
United Kingdom185,166Swansea
61%
Norway205,163Trondheim
60%
Austria206,595Linz
60%
France73,911Calais
60%
Finland192,962Turku
59%
Poland642,869Wrocław
59%
Poland292,774Katowice
59%
Ukraine913,323Donetsk
59%
United Kingdom149,643Cambridge
59%
Germany588,250Dortmund
59%
Netherlands382,520Utrecht
58%
Ukraine1,446,107Kharkiv
58%
Italy311,402Catania
58%
France285,121Montpellier
58%
Switzerland55,540Biel/Bienne
58%
United Kingdom473,216Leicester
58%
Germany329,673Bonn
58%
Lithuania289,364Kaunas
58%
Italy259,608Verona
58%
United Kingdom244,329Brighton and Hove
58%
France216,815Rennes
57%
Spain453,258Murcia
57%
United Kingdom313,778Nottingham
57%
Spain232,462Granada
57%
Belgium263,927Ghent
56%
Italy91,393Pisa
56%
United Kingdom240,962Plymouth
56%
Russia1,013,468Volgograd
56%
United Kingdom85,050Derry/Londonderry
56%
Romania324,576Cluj-Napoca
56%
Germany248,960Aix-la-Chapelle
56%
United Kingdom163,571York
55%
Belgium118,656Brugge
55%
Ukraine998,103Dnipro
55%
Bulgaria336,216Varna
55%
Denmark117,351Aalborg
55%
France156,920Dijon
55%
Belgium197,217Liège
54%
Finland238,140Tampere
54%
Russia1,251,969Kazan
54%
Germany310,658Mannheim
53%
Russia438,726Sochi
53%
Italy198,292Parma
53%
Poland534,813Poznań
53%
United Kingdom148,600Dundee
53%
Russia1,133,307Rostov-on-Don
53%
United Kingdom249,048Portsmouth
53%
Russia292,465Murmansk
52%
Germany180,374Saarbrücken
52%
Greece140,730Heraklion
52%
Russia1,253,511Nizhny Novgorod
52%
Spain295,364Vigo
52%
Russia / Ukraine397,474Sevastopol
52%
United Kingdom288,651Kingston upon Hull
52%
Netherlands213,705Groningen
52%
Germany209,191Rostock
52%
Sweden164,535Uppsala
52%
France158,454Grenoble
52%
Spain334,887Alicante
52%
Spain245,711A Coruña
52%
Spain325,701Córdoba
52%
Bulgaria347,851Plovdiv
52%
France170,147Le Havre
51%
Germany180,334Potsdam
51%
Netherlands298,795Eindhoven
51%
Poland348,190Bydgoszcz
51%
France70,659Ajaccio
51%
Germany296,582Augsburg
50%
Finland205,489Oulu
50%
Poland339,784Lublin
50%
Germany231,195Freiburg im Breisgau
50%
Ireland79,504Galway
50%
Norway143,574Stavanger
50%
Germany334,195Bielefeld
50%
United Kingdom197,013Norwich
49%
Germany216,530Lübeck
49%
Slovakia238,593Košice
49%
Netherlands118,250Maastricht
48%
France73,868Cannes
48%
Switzerland139,344Lausanne
48%
Denmark180,302Odense
48%
Ireland58,319Limerick
48%
Italy229,565Messina
48%
Netherlands162,165s-Hertogenbosch
47%
Spain116,027Cádiz
47%
Norway76,974Tromsø
47%
United Kingdom103,361Bath
47%
Russia1,124,226Ufa
47%
United Kingdom375,873Coventry
47%
United Kingdom229,837Northampton
47%
France116,685Orléans
47%
France182,460Reims
47%
Czech Republic287,968Ostrava
47%
Germany315,293Münster
46%
Germany498,686Duisburg
46%
Germany126,790Ulm
46%
France171,953Toulon
46%
United Kingdom149,293Ipswich
46%
Italy118,902Trento
46%
Italy212,395Padua
45%
Germany312,060Karlsruhe
45%
Romania283,872Constanța
45%
United Kingdom277,528Stoke-on-Trent
45%
Romania319,279Timișoara
45%
Slovenia96,211Maribor
45%
Germany113,643Bremerhaven
45%
France116,429Metz
45%
Russia1,053,934Perm
45%
France87,353Dunkirk
45%
Belgium202,746Charleroi
45%
Spain298,412Valladolid
45%
Russia1,156,608Samara
45%
Czech Republic174,842Plzeň
44%
Russia918,145Krasnodar
44%
United Kingdom230,046Reading
44%
Germany218,578Mainz
44%
France104,286Nancy
44%
United Kingdom198,296Bournemouth
44%
Croatia128,384Rijeka
44%
Hungary201,432Debrecen
44%
United Kingdom147,357Gloucester
44%
Spain201,653Pamplona
44%
Germany355,100Wuppertal
44%
United Kingdom137,913Sale
44%
Italy121,781Bergamo
44%
Albania113,249Durrës
43%
Czech Republic66,034Most
43%
Bosnia and Herzegovina135,059Banja Luka
43%
United Kingdom124,856Exeter
43%
Italy199,579Brescia
43%
Germany213,981Erfurt
43%
France150,610Nîmes
42%
France142,946Le Mans
42%
Lithuania149,116Klaipėda
42%
France135,787Tours
42%
Portugal136,885Braga
42%
United Kingdom175,021Sunderland
42%
Italy178,760Reggio di Calabria
42%
Italy186,830Modena
42%
Italy172,124Reggio nell'Emilia
42%
Spain271,780Gijón
42%
France110,145Rouen
42%
Germany246,334Chemnitz
42%
Poland246,348Gdynia
42%
Russia348,343Arkhangelsk
42%
United Kingdom363,604Bradford
42%
Germany237,565Magdeburg
42%
Germany365,587Bochum
42%
Croatia71,471Zadar
42%
Austria101,300Klagenfurt
42%
Spain97,260Santiago de Compostela
42%
United Kingdom264,253Derby
42%
France85,862Versailles
41%
Switzerland82,240Lucerne
41%
France91,921Avignon
41%
Finland289,731Espoo
41%
Spain124,303León
41%
Bulgaria141,231Ruse
41%
Spain172,539Santander
41%
Serbia183,164Niš
41%
United Kingdom177,012Middlesbrough
41%
Moldova133,807Tiraspol
41%
Bulgaria201,779Burgas
41%
United Kingdom145,446Blackpool
41%
Finland119,823Lahti
41%
United Kingdom219,992Wolverhampton
41%
Italy99,051Udine
41%
Germany161,485Heidelberg
41%
Germany202,137Kassel
40%
France120,158Perpignan
40%
Germany90,164Flensburg
40%
Spain187,415Donostia
40%
Spain101,852Girona
40%
Italy151,200Rimini
40%
Italy107,407Bolzano
40%
France105,354Caen
40%
France54,372La Roche-sur-Yon
39%
Poland297,554Białystok
39%
Hungary132,038Győr
39%
Italy120,405Syracuse
39%
Belarus510,300Gomel
39%
France132,175Limoges
39%
France134,057Amiens
39%
France172,565Saint-Étienne
39%
Spain84,873Toledo
39%
Germany238,762Halle
39%
Russia1,054,111Voronezh
39%
Germany124,371Wolfsburg
38%
Germany111,343Jena
38%
Italy195,227Taranto
38%
Spain89,276San Sebastián de los Reyes
38%
Italy53,922Siena
38%
Germany111,528Trier
38%
United Kingdom222,457Luton
38%
Germany137,392Ingolstadt
38%
Italy100,282Ancona
38%
Italy157,024Livorno
38%
Italy158,058Ravenna
38%
Germany261,034Mönchengladbach
38%
Ukraine403,938Luhansk
38%
Estonia92,972Tartu
38%
Germany179,916Hamm
37%
Germany165,251Osnabrück
37%
France143,886Clermont-Ferrand
37%
United Kingdom87,780Chester
37%
Hungary142,873Pécs
37%
Germany278,474Wiesbaden
37%
Italy132,702Salerno
37%
Germany153,094Regensburg
37%
Italy126,218Sassari
37%
Germany95,653Schwerin
37%
Sweden99,373Jönköping
37%
United Kingdom103,355Worcester
37%
Germany259,645Gelsenkirchen
37%
Norway111,633Kristiansand
37%
United Kingdom106,047Lincoln
36%
Germany159,878Darmstadt
36%
Spain219,686Oviedo
36%
Portugal105,842Coimbra
36%
United Kingdom177,683Peterborough
36%
Germany169,077Oldenburg
36%
Sweden125,817Örebro
36%
Italy63,740Vittoria
36%
Germany99,678Cottbus
36%
Spain251,774Vitoria-Gasteiz
36%
Netherlands204,570Haarlem
36%
Italy85,915Como
36%
Spain104,373Reus
36%
Romania290,422Iași
36%
Spain198,533Almería
36%
France152,960Angers
36%
United Kingdom134,920Newport
35%
France77,130Pau
35%
United Kingdom184,437Southend-on-Sea
35%
United Kingdom99,427Preston
35%
Italy96,534Lecce
35%
Russia301,253Grozny
35%
France109,443Mulhouse
35%
Germany127,934Würzburg
35%
Spain134,515Tarragona
35%
Romania253,200Brașov
34%
Sweden114,582Linköping
34%
Spain144,228Salamanca
34%
Netherlands154,880Breda
34%
Germany114,052Koblenz
34%
Belgium111,432Namur
34%
Greece167,446Patras
34%
Sweden89,607Umeå
34%
Bosnia and Herzegovina60,195Mostar
33%
Netherlands161,000Nijmegen
33%
Netherlands147,850Enschede
33%
Italy93,288La Spezia
33%
Croatia57,460Pula
33%
Switzerland76,078St. Gallen
33%
Sweden112,496Helsingborg
33%
Spain232,517Elche
33%
France111,135Saint-Denis
33%
Italy166,969Perugia
33%
Spain212,749Jerez de la Frontera
33%
Belarus364,800Vitebsk
33%
Spain264,923L'Hospitalet de Llobregat
33%
Latvia82,046Daugavpils
33%
Spain175,821Burgos
33%
France115,934Besançon
33%
United Kingdom120,065Blackburn
32%
France142,482Aix-en-Provence
32%
Italy119,800Pescara
32%
Italy132,195Ferrara
32%
Russia329,427Smolensk
32%
Russia534,241Astrakhan
32%
Russia841,902Saratov
32%
Spain64,599El Prat de Llobregat
32%
United Kingdom192,599Swindon
32%
Spain143,663Huelva
32%
France88,291Poitiers
32%
Hungary160,766Szeged
32%
Russia224,297Veliky Novgorod
32%
Russia357,907Vladimir
32%
Germany72,184Brandenburg an der Havel
32%
Sweden97,979Norrköping
32%
Spain150,702Badajoz
31%
Romania249,432Galați
31%
Belgium71,647Ostend
31%
Germany84,911Konstanz
31%
Germany163,729Leverkusen
31%
Turkey172,802Edirne
31%
Germany151,633Paderborn
31%
Netherlands213,055Tilburg
31%
Netherlands270,225Leiden
31%
Belarus356,900Grodno
31%
Netherlands110,245Arnhem
30%
Norway52,357Bodø
30%
Portugal98,131Setúbal
30%
Slovakia88,464Prešov
30%
Netherlands101,825Alkmaar
30%
United Kingdom74,780Carlisle
30%
Croatia84,104Osijek
30%
United Kingdom63,171Canterbury
30%
Russia609,828Yaroslavl
30%
United Kingdom184,355Milton Keynes
30%
Germany249,406Brunswick
30%
France147,712Villeurbanne
29%
France62,985Quimper
29%
Austria62,882Villach
29%
Italy90,055Lucca
29%
Germany118,911Göttingen
29%
Italy124,051Monza
29%
Switzerland62,611Lugano
29%
Russia / Ukraine341,536Simferopol
29%
Germany55,185Baden-Baden
29%
Italy85,881Brindisi
29%
Germany52,803Passau
29%
Spain214,802Cartagena
29%
Germany93,125Gera
29%
Germany65,228Weimar
29%
Spain183,374Getafe
28%
Germany130,280Offenbach am Main
28%
Austria55,514Sankt Pölten
28%
Italy83,987Torre del Greco
28%
Italy129,133Latina
28%
Italy104,315Piacenza
28%
Czech Republic104,802Liberec
28%
France126,924Annecy
28%
France79,200Cherbourg-en-Cotentin
28%
Russia420,850Tver
28%
Denmark72,037Esbjerg
28%
United Kingdom51,324Lancaster
28%
Germany172,253Ludwigshafen am Rhein
28%
Germany128,497Fürth
28%
France75,735La Rochelle
28%
Italy111,764Vicenza
28%
Spain143,386Marbella
28%
Germany100,030Kaiserslautern
28%
Ukraine738,728Zaporizhia
28%
Finland63,042Rovaniemi
28%
Ukraine440,367Mariupol
28%
Belgium102,275Leuven
28%
Czech Republic100,663Olomouc
28%
Italy149,904Foggia
28%
Russia210,116Pskov
28%
Spain173,329Albacete
27%
Italy93,634Alessandria
27%
Belarus357,100Mogilev
27%
Italy88,313Catanzaro
27%
Spain220,440Badalona
27%
Germany88,690Zwickau
27%
Spain105,233Ourense
27%
Russia449,556Kursk
27%
Sweden127,799Västerås
27%
Spain98,276Lugo
27%
France51,228Bayonne
27%
Italy110,530Terni
27%
United Kingdom203,389Bolton
27%
United Kingdom171,506Huddersfield
27%
Spain138,956Lleida
27%
Germany227,417Krefeld
27%
Russia479,105Tula
27%
Netherlands97,370Zwolle
26%
France61,652Troyes
26%
Netherlands177,045Almere
26%
Netherlands140,210Apeldoorn
26%
Germany126,592Heilbronn
26%
Romania269,506Craiova
26%
Romania159,074Arad
26%
United Kingdom136,268Colchester
26%
Italy194,913Prato
25%
Germany91,506Tübingen
25%
Germany210,764Oberhausen
25%
Slovakia76,533Nitra
25%
France63,714Valence
25%
Italy66,459Potenza
25%
Germany188,686Hagen
25%
Albania76,000Shkodër
25%
Russia54,168Shali
25%
France96,990Roubaix
25%
Portugal186,502Vila Nova de Gaia
25%
Spain59,335Mérida
25%
Italy85,760Treviso
25%
Greece163,688Piraeus
25%
Russia565,341Orenburg
25%
France69,105Colmar
25%
United Kingdom53,717Durham
25%
Italy103,985Novara
25%
Greece144,651Larissa
25%
Russia / Ukraine79,272Yalta
25%
Latvia68,535Liepāja
25%
Italy68,514Massa
25%
Russia404,793Bryansk
25%
Russia539,789Ryazan
25%
Serbia97,910Subotica
25%
Poland196,208Rzeszów
24%
Spain67,086Vilanova i la Geltrú
24%
Slovakia80,727Žilina
24%
France58,919Chambéry
24%
Romania196,367Oradea
24%
Spain112,999Jaén
24%
Belgium66,447Genk
24%
Italy72,672Cremona
24%
Italy118,000Forlì
24%
United Kingdom159,108Poole
24%
Germany101,693Hildesheim
24%
United Kingdom63,935Hereford
24%
Slovakia65,033Trnava
24%
Switzerland113,149Winterthur
24%
Russia392,426Belgorod
24%
Germany83,542Worms
24%
Ukraine289,096Kherson
24%
United Kingdom107,076Wigan
24%
Germany125,957Pforzheim
24%
Poland194,852Kielce
24%
Italy54,850Sanremo
24%
Finland233,775Vantaa
24%
Albania78,703Elbasan
23%
Germany112,528Erlangen
23%
Germany153,896Neuss
23%
Italy73,409Ragusa
23%
United Kingdom93,685Hastings
23%
Italy69,710L'Aquila
23%
Russia702,831Tolyatti
23%
Sweden93,577Lund
23%
Russia437,367Stavropol
23%
Kosovo85,119Prizren
23%
Italy70,000Imola
22%
Netherlands221,235Dordrecht
22%
Lithuania101,511Šiauliai
22%
Germany156,449Herne
22%
Poland61,932Chełm
22%
Spain171,728Castellón de la Plana
22%
Poland211,371Radom
22%
Hungary154,521Miskolc
22%
Norway101,386Drammen
22%
United Kingdom115,754Doncaster
22%
France97,368Tourcoing
22%
Czech Republic92,716Ústí nad Labem
22%
Russia522,317Penza
22%
United Kingdom92,847Bedford
22%
Spain151,136Logroño
22%
Poland220,433Częstochowa
22%
Russia405,053Ivanovo
22%
Serbia150,835Kragujevac
22%
Germany159,245Solingen
22%
Italy59,933Savona
22%
United Kingdom164,455Slough
22%
Italy99,258Arezzo
22%
Spain121,957Algeciras
22%
Spain68,721Benidorm
22%
France120,071Boulogne-Billancourt
22%
Italy62,449Crotone
22%
Poland171,979Olsztyn
22%
Germany77,373Bamberg
22%
Italy61,323Olbia
22%
Spain53,132Huesca
22%
France77,177Béziers
22%
Germany63,551Rosenheim
22%
Russia512,954Kirov
22%
United Kingdom88,565Grimsby
22%
Netherlands83,480Venlo
22%
Germany104,291Salzgitter
21%
Italy67,141Trapani
21%
Germany102,770Siegen
21%
Germany93,584Ludwigsburg
21%
Germany111,846Bergisch Gladbach
21%
Germany68,635Fulda
21%
Russia509,420Lipetsk
21%
France72,999Antibes
21%
Albania55,845Fier
21%
Italy66,457Cosenza
21%
Germany55,980Görlitz
21%
France54,700Narbonne
21%
France69,993Saint-Nazaire
21%
Spain189,861Leganés
21%
Czech Republic74,935Zlín
21%
Russia311,625Oryol
21%
Russia601,286Makhachkala
21%
Belgium86,921Mechelen
21%
Austria62,470Wels
21%
Hungary62,671Sopron
21%
Belgium120,887Anderlecht
21%
Poland201,447Toruń
21%
Bulgaria134,726Stara Zagora
21%
France57,149Lorient
21%
Belgium77,109Kortrijk
21%
Albania79,513Vlorë
21%
Germany80,103Dessau-Roßlau
21%
Poland128,035Opole
21%
Germany170,632Mülheim an der Ruhr
21%
Netherlands153,420Amersfoort
21%
Spain213,644Sabadell
21%
Romania147,245Sibiu
21%
France64,551Bourges
21%
Spain83,029Pontevedra
21%
Croatia53,531Slavonski Brod
21%
Spain133,968Dos Hermanas
20%
Ukraine483,186Mykolaiv
20%
Germany59,418Stralsund
20%
Germany74,783Bayreuth
20%
Germany76,089Wilhelmshaven
20%
Italy82,378Grosseto
20%
Denmark51,262Roskilde
20%
Romania180,302Brăila
20%
Moldova97,930Bălți
20%
Germany96,492Hanau
20%
Ukraine288,324Poltava
20%
United Kingdom117,836Cheltenham
20%
Germany96,459Witten
20%
Czech Republic94,463České Budějovice
20%
Montenegro56,970Nikšić
20%
France52,548Arles
20%
Romania102,411Satu Mare
20%
Finland142,400Jyväskylä
20%
United Kingdom141,428Watford
20%
Russia627,870Ulyanovsk
20%
Romania209,945Ploiești
20%
Lithuania85,885Panevėžys
20%
North Macedonia71,350Bitola
20%
Italy58,794Benevento
19%
United Kingdom145,039Birkenhead
19%
Poland178,603Gliwice
19%
Ukraine266,533Chernivtsi
19%
Slovakia78,084Banská Bystrica
19%
Italy58,273Agrigento
19%
Spain85,871Guadalajara
19%
Germany75,711Lüneburg
19%
Italy82,456Marsala
19%
Netherlands52,060Emmen
19%
Germany63,761Neubrandenburg
19%
Germany73,411Landshut
19%
Spain75,279Alcalá de Guadaíra
19%
Italy74,450Caserta
19%
Italy75,528Asti
19%
Germany117,565Bottrop
19%
Finland119,282Kuopio
19%
Germany89,802Gießen
19%
Spain195,649Alcalá de Henares
19%
Netherlands92,460Leeuwarden
19%
Italy97,190Cesena
19%
United Kingdom91,938Halifax
19%
Italy67,384Viterbo
19%
Germany115,865Reutlingen
19%
Italy56,203Cuneo
19%
Ukraine369,839Vinnytsia
18%
Italy81,718Fiumicino
18%
Czech Republic91,727Pardubice
18%
Bosnia and Herzegovina74,457Tuzla
18%
Bosnia and Herzegovina70,553Zenica
18%
Ukraine288,268Chernihiv
18%
Italy80,645Varese
18%
Bulgaria95,086Pleven
18%
Italy95,203Pesaro
18%
Russia648,944Izhevsk
18%
Italy73,334Pavia
18%
Russia336,726Kaluga
18%
Spain96,126Cáceres
18%
Netherlands72,010Gouda
18%
Russia291,663Tambov
18%
United Kingdom87,032St Albans
18%
Czech Republic92,939Hradec Králové
18%
Finland67,636Vaasa
18%
Germany103,902Moers
18%
Italy61,331Caltanissetta
18%
United Kingdom63,090Bangor
18%
Poland123,609Gorzów Wielkopolski
18%
United Kingdom113,918Eastbourne
18%
Italy51,323Rho
18%
Spain68,661Torremolinos
18%
Spain62,401Irun
18%
Germany111,397Recklinghausen
18%
Ukraine624,579Kryvyi Rih
18%
United Kingdom111,097Rotherham
18%
Slovakia55,383Trenčín
18%
Romania134,290Târgu Mureș
18%
Netherlands65,695Assen
18%
United Kingdom51,126Torquay
18%
Poland141,222Zielona Góra
18%
Spain170,514Alcorcón
18%
Germany58,978Neu-Ulm
18%
Romania155,383Pitești
18%
Russia / Ukraine151,025Kerch
18%
Germany100,861Gütersloh
17%
Russia76,389Vyborg
17%
Germany91,216Düren
17%
Poland119,317Elbląg
17%
Romania123,738Baia Mare
17%
France55,588Hyères
17%
Italy62,146Carrara
17%
Spain61,406Zamora
17%
Russia311,846Vologda
17%
Poland172,360Zabrze
17%
Spain78,412Palencia
17%
Albania51,152Korçë
17%
Italy90,677Pistoia
17%
Germany69,540Celle
17%
Netherlands67,180Almelo
17%
Poland107,048Koszalin
16%
Spain54,690Cuenca
16%
Spain220,556Terrassa
16%
United Kingdom93,124Darlington
16%
United Kingdom98,075Barnsley
16%
Italy51,714Pordenone
16%
Poland119,425Płock
16%
Netherlands55,320Hengelo
16%
United Kingdom89,282Chesterfield
16%
Spain57,744Ávila
16%
Germany77,129Marburg
16%
Italy74,075Gela
16%
United Kingdom77,310Paisley
16%
France52,672Fréjus
16%
Sweden77,699Gävle
16%
Greece53,910Chania
16%
Greece86,046Volos
16%
Poland165,263Bytom
16%
United Kingdom83,072Scunthorpe
16%
United Kingdom82,967Burnley
16%
Netherlands82,780Deventer
16%
France56,254Beauvais
16%
Norway82,385Fredrikstad
16%
France109,897Montreuil
16%
Greece65,574Ioannina
16%
France95,105Nanterre
16%
Estonia54,409Narva
16%
United Kingdom107,849Woking
16%
United Kingdom107,033Oldham
16%
Norway66,258Ålesund
16%
Poland108,470Tarnów
16%
Germany86,348Lünen
15%
Spain77,946Getxo
15%
Spain51,674Segovia
15%
Belgium132,799Schaerbeek
15%
Germany111,338Remscheid
15%
Belarus126,300Pinsk
15%
Germany87,520Ratingen
15%
Latvia56,062Jelgava
15%
Spain128,265Mataró
15%
Italy61,989Viareggio
15%
Romania106,847Botoșani
15%
United Kingdom70,799Stafford
15%
France110,210Argenteuil
15%
Hungary78,407Szombathely
15%
Portugal175,136Amadora
15%
Poland170,663Bielsko-Biała
15%
Spain100,881Barakaldo
15%
Bulgaria82,240Dobrich
15%
United Kingdom150,811Telford
15%
Romania144,307Bacău
15%
Germany59,967Offenburg
15%
Netherlands169,560Heerlen
15%
Poland69,758Suwałki
15%
Germany84,067Marl
15%
Germany69,151Kempten
15%
Italy80,074Pozzuoli
15%
Belarus140,700Barysaw
15%
Italy60,411Matera
15%
France60,810Montauban
15%
United Kingdom172,192Warrington
15%
Netherlands70,195Ede
15%
Spain66,065Ferrol
15%
Ukraine263,448Sumy
15%
United Kingdom61,420Wrexham
15%
Poland199,974Sosnowiec
15%
United Kingdom118,894Salford
15%
United Kingdom118,899Maidstone
15%
Ukraine216,887Lutsk
15%
Spain74,746Ciudad Real
15%
Spain209,184Móstoles
15%
Romania73,707Tulcea
15%
Italy94,316Barletta
15%
Germany64,597Plauen
15%
United Kingdom114,662Worthing
15%
United Kingdom75,711Shrewsbury
15%
Ukraine265,240Zhytomyr
15%
Slovakia54,168Martin
15%
Netherlands73,510Lelystad
15%
Germany94,145Esslingen am Neckar
15%
Ukraine236,602Ivano-Frankivsk
15%
Finland51,833Salo
14%
Belgium78,714Hasselt
14%
United Kingdom57,420Barry
14%
Russia318,578Saransk
14%
Italy60,728Fano
14%
Germany85,707Villingen-Schwenningen
14%
United Kingdom106,325Wakefield
14%
United Kingdom114,170Basingstoke
14%
Germany68,393Aalen
14%
Russia316,529Cherepovets
14%
Finland83,934Pori
14%
Portugal60,058Aveiro
14%
Ukraine276,360Cherkasy
14%
Sweden65,273Karlstad
14%
Poland100,246Kalisz
14%
Ukraine246,535Rivne
14%
Ukraine221,820Ternopil
14%
Poland107,807Chorzów
14%
Germany92,174Iserlohn
14%
Romania115,494Buzău
14%
United Kingdom93,758Southport
14%
Germany50,897Ravensburg
14%
Italy99,307Andria
14%
France90,605Créteil
14%
Greece57,812Alexandroupoli
14%
Portugal57,975Viseu
14%
France50,396Grasse
14%
Spain58,020Motril
14%
Spain130,124Parla
14%
Belgium69,083Tournai
14%
Poland63,437Zamość
14%
United Kingdom117,592Chelmsford
14%
Netherlands56,930Oss
14%
Germany52,503Ahlen
14%
Italy52,806Civitavecchia
14%
Spain117,040Alcobendas
14%
Russia280,170Petrozavodsk
14%
Spain63,147La Línea de la Concepción
13%
Spain82,208Torrent
13%
Denmark62,482Randers
13%
Germany59,232Greifswald
13%
France67,967Évry-Courcouronnes
13%
Spain81,643Vélez-Málaga
13%
United Kingdom66,245Rochester
13%
Serbia66,527Novi Pazar
13%
Germany71,002Aschaffenburg
13%
United Kingdom53,451Folkestone
13%
Sweden58,955Sundsvall
13%
United Kingdom65,410Margate
13%
Germany81,716Minden
13%
North Macedonia64,290Prilep
13%
Italy72,627Carpi
13%
Czech Republic56,450Opava
13%
United Kingdom61,892Scarborough
13%
Serbia73,331Čačak
13%
United Kingdom78,438West Bromwich
13%
France53,816Saint-Quentin
13%
Poland79,061Jelenia Góra
13%
Spain77,714Manresa
13%
Spain77,464Rubí
13%
Romania60,525Hunedoara
13%
France60,361Neuilly-sur-Seine
13%
France58,707Niort
13%
Serbia60,288Leskovac
13%
United Kingdom79,876Bury
13%
Sweden70,489Växjö
13%
North Macedonia56,580Tetovo
13%
Germany80,196Neumünster
13%
United Kingdom75,700Rugby
13%
Germany61,283Friedrichshafen
13%
Spain78,182Avilés
13%
Russia276,064Kostroma
13%
United Kingdom82,091Mansfield
13%
Hungary52,898Eger
13%
United Kingdom122,403Gateshead
13%
Spain50,893Vilarreal
13%
Hungary116,799Nyíregyháza
13%
United Kingdom116,573Basildon
13%
Belarus212,200Babruysk
13%
Ukraine114,897Uzhhorod
13%
United Kingdom85,970Guildford
13%
Poland111,356Wałbrzych
13%
Belarus108,100Orsha
13%
Portugal50,533Leiria
13%
Russia304,897Vladikavkaz
13%
Slovakia51,235Poprad
13%
United Kingdom104,951St Helens
13%
Sweden52,616Östersund
13%
Poland90,681Słupsk
13%
Poland99,350Legnica
13%
Belgium97,979Molenbeek-Saint-Jean
13%
Romania92,121Suceava
13%
Spain94,404Lorca
13%
United Kingdom83,980Dudley
13%
United Kingdom108,621Gillingham
13%
Italy83,909Busto Arsizio
13%
Poland138,098Rybnik
13%
Poland127,590Tychy
13%
France53,352Vannes
13%
Russia275,197Novorossiysk
12%
Hungary68,211Érd
12%
Greece58,287Serres
12%
Turkey174,685Tekirdağ
12%
Italy51,049Rovigo
12%
Netherlands65,780Roosendaal
12%
United Kingdom110,562Stockport
12%
Poland109,883Włocławek
12%
United Kingdom54,230Hamilton
12%
Belgium87,332Aalst
12%
Italy55,917Manfredonia
12%
United Kingdom73,755Lowestoft
12%
Serbia58,745Kruševac
12%
United Kingdom72,541Walsall
12%
Serbia76,511Zrenjanin
12%
Spain83,337Torrevieja
12%
Belarus102,700Lida
12%
United Kingdom55,251Weymouth
12%
United Kingdom89,744Hartlepool
12%
North Macedonia73,590Kumanovo
12%
Italy70,187Lamezia Terme
12%
United Kingdom60,298Kettering
12%
Greece54,100Kalamata
12%
Italy74,961Aprilia
12%
Poland72,300Lubin
12%
France65,177Cergy
12%
Serbia53,919Šabac
12%
Russia533,907Naberezhnye Chelny
12%
Bulgaria84,985Sliven
12%
Italy57,951Anzio
12%
Italy125,058Giugliano in Campania
12%
Poland62,109Ełk
12%
Netherlands84,585Hilversum
12%
France63,808Pessac
12%
Spain131,376Torrejón de Ardoz
12%
Serbia64,175Smederevo
12%
Spain80,309Fuengirola
12%
Spain64,674Ponferrada
12%
Spain83,594El Ejido
12%
Italy56,750Tivoli
12%
Spain193,700Fuenlabrada
12%
Romania61,353Giurgiu
12%
Netherlands79,635Helmond
12%
Netherlands72,590Hoorn
11%
Norway54,942Skien
11%
Turkey288,692Çorlu
11%
Serbia76,203Pančevo
11%
Hungary96,940Székesfehérvár
11%
Bulgaria69,219Haskovo
11%
France68,451Issy-les-Moulineaux
11%
Netherlands124,065Zoetermeer
11%
United Kingdom74,240Crewe
11%
Poland67,837Stargard
11%
Croatia54,085Sesvete
11%
Spain94,979San Fernando
11%
United Kingdom112,529Crawley
11%
Germany74,254Detmold
11%
Russia182,291Severodvinsk
11%
Belgium78,531Sint-Niklaas
11%
Serbia64,175Kraljevo
11%
France62,052Ivry-sur-Seine
11%
Poland73,139Piła
11%
Poland137,360Ruda Śląska
11%
Poland66,980Głogów
11%
United Kingdom88,157Weston-super-Mare
11%
Italy58,953Faenza
10%
Spain96,800Roquetas de Mar
10%
Russia254,748Khimki
10%
France54,991Meaux
10%
Hungary59,738Veszprém
10%
Germany50,561Speyer
10%
Russia495,317Cheboksary
10%
Sweden70,729Eskilstuna
10%
Hungary71,285Szolnok
10%
Portugal96,404Almada
10%
Serbia58,932Valjevo
10%
Finland52,126Kotka
10%
Sweden70,480Halmstad
10%
United Kingdom112,816Rochdale
10%
Netherlands70,460Alphen aan den Rijn
10%
Hungary61,441Kaposvár
10%
Romania65,181Călărași
10%
Hungary110,687Kecskemét
10%
Italy56,011Trani
10%
United Kingdom66,611Loughborough
10%
Romania61,123Deva
10%
Denmark61,121Kolding
10%
United Kingdom107,732Sutton Coldfield
10%
Bulgaria67,222Yambol
10%
Netherlands117,440IJmuiden
10%
Belarus105,700Mazyr
10%
Poland68,217Gniezno
10%
Romania63,536Alba Iulia
10%
Italy70,352Quartu Sant'Elena
10%
Romania55,407Vaslui
10%
Russia238,710Nalchik
10%
Spain51,494Torrelavega
10%
Spain119,215Santa Coloma de Gramenet
10%
Bulgaria68,679Blagoevgrad
10%
Romania82,504Târgu Jiu
10%
United Kingdom63,100Taunton
10%
Spain57,414Linares
10%
Serbia55,138Vranje
10%
Finland50,380Porvoo
10%
Czech Republic69,337Kladno
10%
France70,105Mérignac
10%
Spain68,684Sanlúcar de Barrameda
10%
Russia102,618Èlista
10%
Bulgaria75,442Shumen
10%
Spain88,592Cornellà de Llobregat
10%
Germany79,600Norderstedt
10%
Spain74,562Gandia
10%
Germany53,426Schweinfurt
10%
United Kingdom74,461Harrogate
10%
Germany76,218Rheine
10%
Belarus81,000Polotsk
10%
Germany77,559Delmenhorst
10%
Finland76,850Joensuu
10%
United Kingdom76,658South Shields
10%
Spain88,405El Puerto de Santa María
10%
France85,740Aulnay-sous-Bois
10%
Spain88,150Rivas-Vaciamadrid
10%
Germany53,264Neustadt an der Weinstraße
10%
Romania92,617Drobeta-Turnu Severin
10%
Spain52,526Pinto
9%
Belgium81,138La Louvière
9%
Spain81,661Coslada
9%
Poland83,794Nowy Sącz
9%
Sweden75,068Södertälje
9%
United Kingdom127,351Solihull
9%
Italy53,640Avellino
9%
Belarus175,000Baranovichi
9%
Denmark57,655Vejle
9%
Russia248,664Taganrog
9%
Kosovo54,239Gjilan
9%
Bulgaria68,828Veliko Tarnovo
9%
Russia124,677Derbent
9%
United Kingdom123,987High Wycombe
9%
France61,070Clichy
9%
United Kingdom54,050Dunfermline
9%
Spain84,489Chiclana de la Frontera
9%
Belgium63,478Roeselare
9%
France50,928Cagnes-sur-Mer
9%
Serbia52,646Užice
9%
France86,375Aubervilliers
9%
Belgium87,632Ixelles
9%
Hungary65,845Tatabánya
9%
Czech Republic51,216Jihlava
9%
United Kingdom87,099Aylesbury
9%
Ukraine71,780Izmail
9%
Russia225,731Engels
9%
Russia54,223Vorkuta
9%
Greece59,125Chalcis
9%
Poland59,951Tczew
9%
Germany52,388Kleve
9%
Finland82,113Kouvola
9%
Bulgaria72,241Pernik
9%
Finland72,634Lappeenranta
9%
Finland53,134Mikkeli
9%
Russia / Ukraine107,650Yevpatoria
8%
Spain95,814Las Rozas de Madrid
8%
Greece54,027Kavala
8%
United Kingdom102,364Hemel Hempstead
8%
Romania73,282Reșița
8%
Poland119,373Dąbrowa Górnicza
8%
Germany73,456Arnsberg
8%
Romania79,610Târgoviște
8%
Germany57,434Hameln
8%
Poland62,945Łomża
8%
Belarus101,400Soligorsk
8%
France78,152Rueil-Malmaison
8%
Italy52,273Ercolano
8%
United Kingdom57,030Livingston
8%
France68,183Noisy-le-Grand
8%
Bulgaria67,650Pazardzhik
8%
Italy64,354Afragola
8%
Germany67,952Lippstadt
8%
Sweden73,649Borås
8%
France85,177Colombes
8%
Romania85,055Piatra Neamț
8%
France93,557Vitry-sur-Seine
8%
Germany77,102Viersen
8%
Poland73,522Konin
8%
Spain68,286Estepona
8%
Poland78,185Siedlce
8%
Germany52,955Wetzlar
8%
France63,936La Seyne-sur-Mer
8%
United Kingdom76,515Burton upon Trent
8%
Finland67,633Hämeenlinna
8%
Russia244,797Syktyvkar
8%
Bulgaria51,674Vratsa
8%
Netherlands74,350Hoofddorp
8%
Czech Republic71,200Havířov
8%
United Kingdom93,979Stevenage
8%
Poland60,689Przemyśl
8%
Norway127,731Bærum
8%
Belarus98,800Navapolatsk
8%
France65,894Vénissieux
8%
Germany71,113Bocholt
8%
Russia186,575Rybinsk
8%
Belgium58,767Mouscron
8%
Moldova91,882Tighina
8%
Spain83,417Talavera de la Reina
8%
Ukraine271,263Khmelnytskyi
8%
Spain66,140Sagunto
8%
Italy81,841Sesto San Giovanni
8%
United Kingdom61,101Corby
8%
Italy70,563Altamura
8%
Italy54,620Bagheria
8%
Bulgaria51,217Gabrovo
8%
United Kingdom50,180Kirkcaldy
8%
Italy51,818San Severo
8%
United Kingdom57,812Royal Leamington Spa
8%
Germany50,554Goslar
8%
Poland94,368Grudziądz
8%
France53,917Cholet
8%
Germany57,813Göppingen
8%
Romania56,202Zalău
7%
Ukraine220,065Kremenchuk
7%
Hungary58,996Békéscsaba
7%
United Kingdom51,084Neath
7%
United Kingdom86,721Harlow
7%
Spain59,607Aranjuez
7%
Denmark59,449Horsens
7%
France77,630Champigny-sur-Marne
7%
Italy65,300Castellammare di Stabia
7%
United Kingdom56,287Macclesfield
7%
Italy53,819Teramo
7%
Norway56,293Tønsberg
7%
Germany52,165Wolfenbüttel
7%
Russia223,809Stary Oskol
7%
Italy59,044Molfetta
7%
France58,587Sarcelles
7%
Russia157,371Elektrostal
7%
Poland62,472Żory
7%
France81,719Courbevoie
7%
Sweden50,300Trollhättan
7%
Spain83,605Sant Boi de Llobregat
7%
Greece61,653Trikala
7%
Belarus61,700Slutsk
7%
Netherlands61,740Nieuwegein
7%
Russia171,793Krasnogorsk
7%
Italy50,285Chieti
7%
United Kingdom62,116Runcorn
7%
Poland60,323Mielec
7%
Russia168,735Syzran
7%
France62,570Antony
7%
Belgium64,192Seraing
7%
Germany50,161Böblingen
7%
France53,640Bobigny
7%
Spain50,728Utrera
7%
Russia146,262Pyatigorsk
7%
Hungary57,403Zalaegerszeg
7%
France63,408Villeneuve-d'Ascq
7%
Spain82,742Mijas
7%
Poland63,505Leszno
7%
Ukraine208,944Bila Tserkva
7%
Romania79,315Focșani
7%
United Kingdom63,829Widnes
7%
Belgium83,980Uccle
7%
United Kingdom65,802Farnborough
7%
United Kingdom75,390East Kilbride
7%
France71,318Drancy
7%
Poland72,561Inowrocław
7%
Netherlands72,475Heerhugowaard
7%
Russia229,470Dzerzhinsk
7%
Germany74,704Dorsten
7%
Spain52,618Elda
7%
Poland71,931Ostrów Wielkopolski
7%
Germany54,708Lingen
7%
Russia304,245Podolsk
7%
United Kingdom67,793Maidenhead
7%
Belgium55,290Verviers
7%
Netherlands71,390Spijkenisse
7%
United Kingdom74,694Ashford
7%
Italy90,457Guidonia Montecelio
7%
Poland91,115Jaworzno
7%
Spain77,414Orihuela
7%
Ukraine244,033Horlivka
7%
Finland63,781Seinäjoki
6%
Russia53,581Volzhsk
6%
United Kingdom80,557Chatham
6%
Russia / Ukraine68,029Feodosia
6%
Germany72,313Lüdenscheid
6%
Spain70,195Paterna
6%
Poland56,803Świdnica
6%
Ukraine343,158Makiivka
6%
Italy76,264Cinisello Balsamo
6%
United Kingdom84,696Stockton-on-Tees
6%
Romania75,076Bistrița
6%
Norway63,764Sandefjord
6%
United Kingdom57,918Kidderminster
6%
Germany81,842Velbert
6%
Poland54,739Racibórz
6%
Russia79,387Klin
6%
Italy51,876Acireale
6%
Italy76,205Casoria
6%
United Kingdom69,888Bognor Regis
6%
Russia490,047Balashikha
6%
France54,753Villejuif
6%
Spain75,983Valdemoro
6%
Netherlands81,755Purmerend
6%
Poland52,055Ostrołęka
6%
France85,191Asnières-sur-Seine
6%
United Kingdom82,824Redditch
6%
Ukraine153,112Melitopol
6%
Spain67,004Castelldefels
6%
Russia271,868Yoshkar-Ola
6%
Greece50,990Komotini
6%
Poland53,886Legionowo
6%
Germany65,881Rüsselsheim am Main
6%
Spain58,994Alcoi
6%
Spain86,422Pozuelo de Alarcón
6%
Germany60,230Wesel
6%
France51,292Corbeil-Essonnes
6%
Ukraine85,881Mukachevo
6%
Germany64,765Neuwied
6%
Italy60,336Legnano
6%
Czech Republic52,128Karviná
6%
United Kingdom56,498Christchurch
6%
France51,108Saint-Ouen-sur-Seine
6%
Norway94,441Asker
5%
Ukraine153,911Kramatorsk
5%
France74,859Saint-Maur-des-Fossés
5%
France51,967Sartrouville
5%
France54,917Chelles
5%
Germany59,731Hürth
5%
Netherlands74,075Arnhem-zuid
5%
United Kingdom73,908Tamworth
5%
Italy51,925Aversa
5%
Germany54,227Bad Homburg vor der Höhe
5%
Germany74,953Troisdorf
5%
United Kingdom73,782Gosport
5%
Portugal75,169Queluz
5%
United Kingdom50,430Cumbernauld
5%
Italy54,089Modica
5%
United Kingdom61,629Ellesmere Port
5%
Russia133,528Domodedovo
5%
Russia81,447Anapa
5%
United Kingdom58,576Aldershot
5%
Russia140,539Maykop
5%
Russia171,952Volgodonsk
5%
United Kingdom60,791Royal Tunbridge Wells
5%
Romania70,293Slatina
5%
Russia58,596Rzhev
5%
Poland74,618Mysłowice
5%
Greece52,006Lamia
5%
France50,260Montrouge
5%
Spain54,570Boadilla del Monte
5%
United Kingdom74,810Grays
5%
Italy50,171Misterbianco
5%
United Kingdom58,361Gravesend
5%
Denmark50,332Herning
5%
United Kingdom52,079Bootle
5%
Italy54,443Bitonto
5%
Russia278,127Sterlitamak
5%
Turkey181,997Silivri
5%
Poland73,090Piotrków Trybunalski
5%
Belarus77,600Zhlobin
5%
Sweden82,429Solna
5%
United Kingdom70,250Craigavon
5%
Russia114,229Dimitrovgrad
5%
Germany53,711Nordhorn
5%
Denmark104,305Frederiksberg
5%
Ukraine233,358Kamianske
5%
Italy56,939Foligno
5%
Russia190,205Armavir
5%
Russia231,646Shakhty
5%
Poland68,338Ostrowiec Świętokrzyski
5%
Spain68,128Benalmádena
5%
Norway56,732Sarpsborg
5%
France64,379Levallois-Perret
5%
Czech Republic55,557Frýdek-Místek
5%
Italy63,623Vigevano
5%
Germany64,905Sindelfingen
5%
Germany67,373Dinslaken
5%
Russia106,836Pushkino
5%
France51,016Sevran
5%
Norway85,983Lillestrøm
5%
United Kingdom66,947Washington
5%
Spain66,611Viladecans
5%
Romania56,006Sfântu Gheorghe
5%
Greece56,122Xanthi
5%
Ukraine110,455Berdyansk
5%
Netherlands51,385Zeist
5%
France52,971Clamart
5%
Ukraine109,812Sloviansk
5%
Spain51,667Siero
5%
Italy57,465Moncalieri
5%
Romania50,713Roman
5%
Russia119,842Nazran
5%
Norway79,537Sandnes
5%
Italy50,780Battipaglia
5%
United Kingdom84,469Bracknell
5%
Germany75,610Gladbeck
5%
Poland57,170Biała Podlaska
5%
United Kingdom89,635Nuneaton
5%
Spain50,559Calvià
5%
Spain91,006Sant Cugat del Vallès
5%
France50,833Massy
5%
Russia122,804Cherkessk
5%
Germany55,604Waiblingen
4%
Germany54,438Hattingen
4%
Germany58,936Unna
4%
France53,353Bondy
4%
Belarus52,600Kobryn
4%
Germany55,625Hilden
4%
France55,655Maisons-Alfort
4%
Romania55,837Bârlad
4%
Greece55,997Katerini
4%
Poland56,190Zgierz
4%
France57,482Pantin
4%
Poland55,030Piekary Śląskie
4%
Germany51,170Bad Kreuznach
4%
Germany59,178Langenfeld
4%
Belarus50,100Slonim
4%
Germany56,415Meerbusch
4%
France55,084Épinay-sur-Seine
4%
France52,939Fontenay-sous-Bois
4%
Germany58,381Euskirchen
4%
Spain58,385San Vicente del Raspeig
4%
Spain55,389Arganda del Rey
4%
Spain57,403Cerdanyola del Vallès
4%
Netherlands55,210Barendrecht
4%
Germany50,952Gummersbach
4%
Germany54,652Langenhagen
4%
Italy54,831Bisceglie
4%
Poland56,354Będzin
4%
Italy51,573Mazara del Vallo
4%
Spain50,752Colmenar Viejo
4%
Belgium56,581Forest
4%
Spain51,318Mollet del Vallès
4%
Germany56,482Eschweiler
4%
Italy52,564Cava de' Tirreni
4%
United Kingdom53,685Clacton-on-Sea
4%
Russia51,790Vyazma
4%
Germany50,010Erftstadt
4%
Belarus66,400Rechytsa
4%
Italy64,417Pomezia
4%
Poland61,960Tomaszów Mazowiecki
4%
Poland62,317Pruszków
4%
Ukraine75,024Shostka
4%
Portugal63,353Barreiro
4%
Germany73,343Castrop-Rauxel
4%
Russia95,960Ukhta
4%
Spain63,679Collado Villalba
4%
Russia151,571Salavat
4%
Ukraine110,669Nikopol
4%
Romania98,776Râmnicu Vâlcea
4%
Spain71,890Molina de Segura
4%
Russia224,533Korolyov
4%
Spain71,826Majadahonda
4%
Germany64,340Dormagen
4%
Netherlands64,730Veenendaal
4%
Russia123,211Novomoskovsk
4%
Poland64,757Pabianice
4%
Belarus64,900Zhodzina
4%
Ukraine70,550Novomoskovsk
4%
United Kingdom70,198Cannock
4%
Russia227,924Orsk
4%
Greece100,641Kallithea
4%
Ukraine66,406Kalush
4%
United Kingdom69,023Tynemouth
4%
United Kingdom66,506Dewsbury
4%
Germany66,638Herford
4%
Germany66,702Kerpen
4%
Russia238,879Nizhnekamsk
4%
United Kingdom66,905Paignton
4%
Russia103,179Yelets
4%
Russia61,938Tuapse
4%
Belarus91,900Maladzyechna
4%
Russia323,604Volzhsky
4%
Greece139,981Peristeri
4%
Russia80,286Azov
4%
Germany61,137Schwäbisch Gmünd
4%
United Kingdom79,465Newcastle-under-Lyme
4%
Russia129,098Kislovodsk
4%
Russia126,794Novocheboksarsk
4%
Spain61,275Granollers
4%
Poland60,466Stalowa Wola
4%
Russia59,842Labinsk
4%
Germany61,032Garbsen
4%
Russia141,106Kolomna
4%
Ukraine83,162Uman
4%
United Kingdom83,027Batley
4%
United Kingdom82,728Eastleigh
4%
Russia167,355Novocherkassk
4%
Ukraine227,413Kropyvnytskyi
3%
Russia157,310Almetyevsk
3%
Germany55,847Sankt Augustin
3%
Poland61,686Tarnowskie Góry
3%
Russia129,173Neftekamsk
3%
Denmark55,903Lyngby-Taarbæk
3%
United Kingdom60,874Wallasey
3%
France56,783Le Blanc-Mesnil
3%
Russia103,930Arzamas
3%
Poland60,641Kędzierzyn-Koźle
3%
United Kingdom99,345Rayleigh
3%
Russia142,747Khasavyurt
3%
Germany56,466Stolberg
3%
Russia222,739Mytishchi
3%
Ukraine107,438Alchevsk
3%
Belarus65,500Svietlahorsk
3%
Russia108,121Murom
3%
Germany61,601Bergheim
3%
Germany63,743Grevenbroich
3%
Germany52,608Menden
3%
Turkey79,038Kırklareli
3%
Ukraine86,267Konotop
3%
Turkey119,460Lüleburgaz
3%
Italy50,786Scandicci
3%
Poland56,973Bełchatów
3%
Poland88,743Jastrzębie-Zdrój
3%
Russia119,238Kaspiysk
3%
Sweden52,823Sundbyberg
3%
Ukraine76,044Drohobych
3%
Italy54,362Montesilvano
3%
Russia102,295Noginsk
3%
United Kingdom68,808Walton-on-Thames
2%
Ukraine79,289Oleksandriia
2%
Ukraine97,251Lysychansk
2%
United Kingdom53,393Keighley
2%
Italy77,096Corigliano-Rossano
2%
Russia77,212Gelendzhik
2%
Greece91,518Kalamaria
2%
United Kingdom53,091Sittingbourne
2%
Ukraine77,968Yenakiieve
2%
Russia68,666Dmitrov
2%
Ukraine68,603Kovel
2%
Russia78,149Kropotkin
2%
Russia101,967Sergiyev Posad
2%
Belgium52,728Jette
2%
Portugal79,805Agualva-Cacém
2%
United Kingdom52,674Esher
2%
Ukraine69,046Nizhyn
2%
Denmark53,505Hvidovre
2%
Italy53,934Gallarate
2%
Russia93,710Gatchina
2%
Russia93,118Solikamsk
2%
Germany54,254Bad Salzuflen
2%
United Kingdom54,977Brentwood
2%
Germany51,822Ibbenbüren
2%
Germany52,439Frechen
2%
Italy53,527Velletri
2%
Greece99,346Acharnes
2%
Ukraine75,439Berdychiv
2%
United Kingdom53,047Smethwick
2%
United Kingdom53,012Wellingborough
2%
United Kingdom68,587Filton
2%
Germany54,194Pulheim
2%
Russia68,344Sosnovy Bor
2%
Russia58,068Tikhvin
2%
Russia63,050Klintsy
2%
United Kingdom50,934Horsham
2%
Russia62,970Naro-Fominsk
2%
Russia118,004Orekhovo-Zuyevo
2%
Russia118,151Obninsk
2%
Russia207,349Lyubertsy
2%
Belgium57,712Woluwe-Saint-Lambert
2%
Russia57,771Tikhoretsk
2%
Russia119,903Ramenskoye
2%
United Kingdom50,743Carlton
2%
Germany61,821Herten
2%
Russia61,821Kotlas
2%
Russia124,897Serpukhov
2%
Russia114,194Oktyabrsky
2%
Russia188,489Balakovo
2%
Italy58,450Cerignola
2%
Russia127,654Bataysk
2%
Germany50,391Willich
2%
Russia135,949Kovrov
2%
United Kingdom58,858Littlehampton
2%
Russia137,528Odintsovo
2%
United Kingdom59,577Halesowen
2%
Russia141,276Berezniki
2%
Italy59,525Acerra
2%
Ukraine59,488Stryi
2%
Italy50,153Nettuno
2%
Ukraine63,300Korosten
2%
Russia83,053Yeysk
2%
Russia112,007Dolgoprudny
2%
Russia110,318Kamyshin
2%
Ukraine51,564Novovolynsk
2%
United Kingdom66,850Newtownabbey
2%
Poland66,841Siemianowice Śląskie
2%
Ukraine103,479Sievierodonetsk
2%
United Kingdom55,883Altrincham
2%
Ukraine66,504Chervonohrad
2%
Ukraine105,238Pavlohrad
2%
Ukraine106,346Brovary
2%
Russia106,962Reutov
2%
Russia107,539Novoshakhtinsk
2%
Portugal64,815Rio Tinto
2%
United Kingdom64,665Stourbridge
2%
United Kingdom51,180Welwyn Garden City
2%
Russia107,922Zhukovsky
2%
Turkey111,457Kapaklı
2%
Portugal56,847Odivelas
2%
Russia110,479Yessentuki
2%
Russia51,935Belorechensk
1%
United Kingdom51,724Bloxwich
1%
Russia93,205Voskresensk
1%
Russia51,443Timashyovsk
1%
Italy50,953Ardea
1%
Russia116,884Nevinnomyssk
1%
Russia92,381Glazov
1%
United Kingdom50,197Crosby
1%
Russia96,361Sarapul
1%
Russia100,940Novokuybyshevsk
1%
Russia84,897Novotroitsk
1%
United Kingdom53,144Willenhall
1%
Russia86,050Buzuluk
1%
Russia51,612Solnechnogorsk
1%
Russia50,508Uzlovaya
1%
Russia89,339Lobnya
1%
Turkey125,461Çerkezköy
1%
Russia97,345Votkinsk
1%
Russia86,422Gubkin
1%
Russia90,549Velikiye Luki
1%
Russia100,499Zheleznogorsk
1%
Russia124,831Shchyolkovo
1%
Ukraine99,755Kamianets-Podilskyi
1%
United Kingdom51,010Kingswinford
1%
Russia50,750Kirishi
1%
Russia52,597Severomorsk
1%
Greece89,380Nikaia
1%
Greece87,305Glyfada
1%
United Kingdom50,817Shoreham-by-Sea
1%
Russia91,623Michurinsk
1%
Ukraine59,261Chornomorsk
1%
Russia57,829Mikhaylovka
1%
Russia71,482Vidnoye
1%
Ukraine54,339Torez
1%
Ukraine74,072Bakhmut
1%
United Kingdom58,150Bebington
1%
Russia57,950Aleksin
1%
United Kingdom54,426Ewell
1%
Russia65,990Stupino
1%
Russia63,940Pavlovsky Posad
1%
Greece72,333Marousi
1%
Russia61,974Leninogorsk
1%
Ukraine56,108Novohrad-Volynskyi
1%
Russia71,932Chekhov
1%
Russia62,195Volsk
1%
Greece67,134Nea Ionia
1%
Russia57,683Shchyokino
1%
Greece71,026Zografou
1%
Ukraine62,281Boryspil
1%
Russia57,569Shuya
1%
Ukraine57,299Rubizhne
1%
Denmark69,112Gladsaxe
1%
Russia55,201Apatity
1%
Ukraine55,255Lozova
1%
Russia62,716Rossosh
1%
United Kingdom68,477Bamber Bridge
1%
Ukraine67,530Smila
1%
Russia74,141Mineralnye Vody
1%
Russia65,544Buynaksk
1%
Russia65,284Kungur
1%
Ukraine61,269Kolomyia
1%
Russia57,028Pavlovo
1%
United Kingdom72,660Atherton
1%
Ukraine53,567Enerhodar
1%
Italy59,576Marano di Napoli
1%
Ukraine80,287Krasnyi Luch
1%
Russia53,634Liski
1%
Ukraine64,909Pervomaisk
1%
Russia65,054Beloretsk
1%
Italy53,724Portici
1%
United Kingdom53,737Beeston
1%
Russia59,816Chistopol
1%
Russia59,987Fryazino
1%
Russia58,741Alexandrov
1%
Russia53,957Gudermes
1%
Russia60,878Borisoglebsk
1%
Russia56,257Dzerzhinsky
1%
Ukraine54,167Pryluky
1%
Denmark74,830Gentofte
1%
Turkey60,995Keşan
1%
Norway59,288Nordre Follo
1%
Russia61,221Urus-Martan
1%
Russia67,439Kstovo
1%
Russia57,248Meleuz
0%
Ukraine63,358Dovzhansk
0%
Greece63,445Korydallos
0%
Russia57,128Salsk
0%
Russia53,245Krasnokamsk
0%
Russia63,014Donskoy
0%
Ukraine62,449Pokrovsk
0%
Russia62,073Budyonnovsk
0%
Russia57,822Krymsk
0%
Russia57,883Prokhladny
0%
Russia61,344Sibay
0%
Greece61,308Vyronas
0%
Russia60,947Lysva
0%
Russia58,606Lytkarino
0%
Russia59,762Kumertau
0%
Greece59,704Agia Paraskevi
0%
Greece58,979Petroupoli
0%
Russia59,494Izberbash
0%
Greece59,345Galatsi
0%
Russia63,771Gukovo
0%
Russia67,054Georgiyevsk
0%
Ukraine56,861Khartsyzk
0%
Greece77,077Keratsini
0%
Greece74,192Chalandri
0%
Russia74,263Vsevolozhsk
0%
Ukraine74,546Stakhanov
0%
Greece74,686Evosmos
0%
Russia75,001Dubna
0%
Russia76,032Balashov
0%
Russia88,319Kamensk-Shakhtinsky
0%
Greece78,153Ilioupoli
0%
Russia73,913Yelabuga
0%
Ukraine52,749Antratsyt
0%
Russia52,822Vyksa
0%
Russia79,346Ivanteyevka
0%
Russia53,606Gus-Khrustalny
0%
Greece84,793Ilion
0%
Russia81,027Kuznetsk
0%
Russia81,986Kineshma
0%
Russia83,536Bugulma
0%
Russia52,455Zhigulyovsk
0%
Russia93,658Mikhaylovsk
0%
Ukraine56,842Druzhkivka
0%
Russia68,587Tuymazy
0%
Ukraine56,806Irpin
0%
Greece64,021Palaio Faliro
0%
Russia64,307Ishimbay
0%
Ukraine51,215Horishni Plavni
0%
Russia65,194Zarechny
0%
Russia66,047Sunzha
0%
Russia66,829Slavyansk-na-Kubani
0%
Russia82,656Chaykovsky
0%
Greece69,946Aigaleo
0%
Russia95,469Sarov
0%
Russia70,722Kirovo-Chepetsk
0%
Ukraine70,841Kostiantynivka
0%
Russia99,743Zelenodolsk
0%
Greece71,294Agios Dimitrios
0%
Russia72,070Yegoryevsk
0%
Russia72,225Chapayevsk
0%
Russia54,497Sertolovo
0%
Greece73,076Nea Smyrni
0%
Russia59,137Belebey
0%

Score Distribution

Percentile by Number Answered

Percent of People with Each Score

Your Score History

You have not taken this quiz